000 01018nam a2200265Ia 4500
003 OSt
005 20220923211411.0
006 a|||||r|||| 00| 0
007 ta
008 220922b |||||||| |||| 00| 0 hin d
020 _a9788190642064 (hbk)
_c200
024 _a282,825
037 _b317, 10/01/2015, Vani Prakashan
_cTextual
040 _aARTS
_cARTS
_bhin
041 _2hin
_ahin
082 _aY5927wNME, 152P6
100 _aमेकवान, मार्टिन
_9156271
245 0 _aमेरी कथा* दलित यातना, संघर्ष और भविष्य
246 _aMerī kathā: dalit yātanā, sangharṣha aur bhaviṣhya
260 _aदिल्ली
_b बकुल प्रकाशन
_c2011
300 _a151पृ.
_ccm.
650 _aभारतीय-लोक साहित्य
942 _hY5927wNME, 152P6
_cTEXL
_2CC
999 _c299127
_d299127